| 000 | 01001nam a2200205 a 4500 | ||
|---|---|---|---|
| 008 | 120416s1989 ||||||||||||||||| || u | ||
| 020 | _a0070293341 | ||
| 050 | _aQA 303 Hof | ||
| 100 | _aHoffmann, Laurence D | ||
| 245 | 1 | 0 | _aCalculus for business, economics, and the social and life sciences (4th ed.) |
| 250 | _a4th. ed | ||
| 260 |
_aNew York _bMcGraw-Hill _c1989 |
||
| 300 | _axiii, 748p. : ill. | ||
| 350 | _a0.00 | ||
| 650 | 0 | _aCALCULUS | |
| 995 |
_aSHORT LOAN BOOKS _D0.00 _e725327 _FCBU-MAIN LIBRARY (Kitwe) _H2 _I33.00 _jQA 303 Hof _M4 _UAVAILABLE _y020249 _ZShort Loan Collection |
||
| 995 |
_aSHORT LOAN BOOKS _D0.00 _e725326 _FCBU-MAIN LIBRARY (Kitwe) _H1 _I33.00 _jQA 303 Hof _M1 _UAVAILABLE _y011851 _ZShort Loan Collection |
||
| 995 |
_aSHORT LOAN BOOKS _D0.00 _e725325 _FCBU-MAIN LIBRARY (Kitwe) _H3 _I33.00 _jQA 303 Hof _M3 _UAVAILABLE _y019024 _ZShort Loan Collection |
||
| 995 |
_aSHORT LOAN BOOKS _D0.00 _e725324 _FCBU-MAIN LIBRARY (Kitwe) _H4 _I33.00 _jQA 303 Hof _M2 _UAVAILABLE _y018349 _ZShort Loan Collection |
||
| 999 |
_c79114 _d79114 |
||